Super science experiments / (Record no. 9513)

MARC details
000 -LEADER
fixed length control field 00954nam a22002897a 4500
001 - CONTROL NUMBER
control field 9513
003 - CONTROL NUMBER IDENTIFIER
control field FISKH
005 - DATE AND TIME OF LATEST TRANSACTION
control field 20260116121846.0
008 - FIXED-LENGTH DATA ELEMENTS--GENERAL INFORMATION
fixed length control field 260116b cb ||||| |||| 00| 0 eng d
020 ## - INTERNATIONAL STANDARD BOOK NUMBER
International Standard Book Number 9781782094234
040 ## - CATALOGING SOURCE
Original cataloging agency FISKH
Language of cataloging eng
Transcribing agency FISKH
Modifying agency FISKH
082 ## - DEWEY DECIMAL CLASSIFICATION NUMBER
Classification number 507.8
100 ## - MAIN ENTRY--PERSONAL NAME
Personal name Oxlade , Chris
245 ## - TITLE STATEMENT
Title Super science experiments /
Statement of responsibility, etc. By Chris Oxlade : Consultant John Farndon
260 ## - PUBLICATION, DISTRIBUTION, ETC.
Place of publication, distribution, etc. Thaxted, Essex :
Name of publisher, distributor, etc. Miles Kelly ,
Date of publication, distribution, etc. 2014 .
300 ## - PHYSICAL DESCRIPTION
Extent 96 pages :
Other physical details color illustrations ;
Dimensions 30 cm .
490 ## - SERIES STATEMENT
Series statement Super Science Experiments - Miles Kelly
505 ## - FORMATTED CONTENTS NOTE
Formatted contents note Z <br/>
520 ## - SUMMARY, ETC.
Summary, etc. Packed with loads of fun activities. Super science experiments explains cool scientific ideas in a simple way.
521 8# - TARGET AUDIENCE NOTE
Target audience note 950 <br/>
Source Lexile IG <br/>
521 8# - TARGET AUDIENCE NOTE
Target audience note Z <br/>
Source Raz-Plus <br/>
650 ## - SUBJECT ADDED ENTRY--TOPICAL TERM
Topical term or geographic name entry element Experiments
Form subdivision Non-fiction
650 ## - SUBJECT ADDED ENTRY--TOPICAL TERM
Topical term or geographic name entry element Science
Form subdivision Non-fiction
700 ## - ADDED ENTRY--PERSONAL NAME
Personal name Farndon , John
Relator term Illustrator
942 ## - ADDED ENTRY ELEMENTS (KOHA)
Source of classification or shelving scheme Dewey Decimal Classification
Koha item type Books
Suppress in OPAC No
Holdings
Withdrawn status Lost status Source of classification or shelving scheme Damaged status Not for loan Collection Home library Current library Shelving location Date acquired Total Checkouts Full call number Barcode Date last seen Price effective from Koha item type
    Dewey Decimal Classification     Non-Fiction Footprints International School Library Network Toul Tom Poung Campus Footprints International School Library Network Toul Tom Poung Campus TTP Secondary Non-Fiction Bookshelves 01/16/2026   OXL 507.8 FIS04789 01/16/2026 01/16/2026 Books